Welcome to CU Library Online Public Access Catalogue (OPAC)

Mass customization : (Record no. 4506)

MARC details
000 -LEADER
fixed length control field 00861cam a2200241 a 4500
001 - CONTROL NUMBER
control field 3449557
005 - DATE AND TIME OF LATEST TRANSACTION
control field 20250304101913.0
008 - FIXED-LENGTH DATA ELEMENTS--GENERAL INFORMATION
fixed length control field 920504s1993 maua b 001 0 eng
020 ## - INTERNATIONAL STANDARD BOOK NUMBER
International Standard Book Number 0875843727 :
Terms of availability $29.95
050 00 - LIBRARY OF CONGRESS CALL NUMBER
Classification number HD45
Item number .P537 1993
082 00 - DEWEY DECIMAL CLASSIFICATION NUMBER
Classification number 658.5/75
Edition information 20
100 1# - MAIN ENTRY--PERSONAL NAME
Personal name Pine, B. Joseph.
245 10 - TITLE STATEMENT
Title Mass customization :
Remainder of title the new frontier in business competition /
Statement of responsibility, etc. B. Joseph Pine II ; foreword by Stan Davis.
260 ## - PUBLICATION, DISTRIBUTION, ETC.
Place of publication, distribution, etc. Boston, Mass. :
Name of publisher, distributor, etc. Harvard Business School Press,
Date of publication, distribution, etc. c1993.
300 ## - PHYSICAL DESCRIPTION
Extent xxi, 333 p. :
Other physical details ill. ;
Dimensions 24 cm.
650 #0 - SUBJECT ADDED ENTRY--TOPICAL TERM
Topical term or geographic name entry element Technological innovations
General subdivision Management.
650 #0 - SUBJECT ADDED ENTRY--TOPICAL TERM
Topical term or geographic name entry element Manufactures
General subdivision Technological innovations
-- Management.
650 #0 - SUBJECT ADDED ENTRY--TOPICAL TERM
Topical term or geographic name entry element Service industries
General subdivision Technological innovations
-- Management.
650 #0 - SUBJECT ADDED ENTRY--TOPICAL TERM
Topical term or geographic name entry element New products
General subdivision Management.
650 #0 - SUBJECT ADDED ENTRY--TOPICAL TERM
Topical term or geographic name entry element Competition.
650 #0 - SUBJECT ADDED ENTRY--TOPICAL TERM
Topical term or geographic name entry element Mass production.
942 ## - ADDED ENTRY ELEMENTS (KOHA)
Source of classification or shelving scheme Library of Congress Classification
Koha item type Books
Suppress in OPAC No
999 ## -
-- 4506
-- 4506
Holdings
Withdrawn status Lost status Source of classification or shelving scheme Damaged status Not for loan Collection Home library Current library Shelving location Date acquired Total checkouts Full call number Barcode Date last seen Copy number Price effective from Koha item type
    Library of Congress Classification     Non-fiction Undergraduate Library (Christ Temple) Undergraduate Library (Christ Temple) General stacks 03/04/2025   HD45 PIN ulct00001504 03/04/2025 1 03/04/2025 Books
© 2023-2024 Copyright: Central University Libraries. All Rights Reserved | Created by: Mahone Tech Office